00613nam a2200193Ia 4500008004100000020001400041082001700055100002100072245003400093250000700127260003300134300002800167500001900195600003300214650001300247942000700260952013700267999001500404240925s9999 xx 000 0 und d a860782824 a297.1975 ROS aRosenthal, Franz 0aScience and Medicine in Islam aNA aHampshire:bVariorumc,1990. axxi,410p.bNAfOriginal aIncludes Index aHumanities & Natural Science aReligion cBK 001040708HUMaUITUbUITUd1996-05-20eBritish Council Karachig50.00l0o297.1975 ROSpQ0719r2024-09-25 07:12:11w2024-09-25yBK c3218d3218